AK’s General Knowledge A-Z #71 - Statistics

General Stats
  • This quiz has been taken 324 times
  • The average score is 18 of 26
Answer Stats
Hint Answer % Correct
C – singer Miley, or someone called “the Great” who founded the first Persian Empire Cyrus
97%
K – the capital of Ukraine and one of the oldest cities in Eastern Europe Kyiv
92%
O – U.S. state whose capital is Columbus and athletes are Bobcats Ohio
92%
G – take it with a _____ of salt Grain
89%
N – _____-cancelling headphones Noise
88%
L – Homer, Marge, Bart, ____, Maggie Lisa
85%
B – a voice or other sound low in pitch or frequency, or a fish resembling the perch Bass
84%
D – __________ Me, animated film about reformed super-villain Gru Despicable
84%
F – jazz singer Ella who won 13 Grammy awards and sold more than 40 million albums Fitzgerald
80%
M – not orange, not Japanese Mandarin
80%
P – actor Gregory (To Kill a Mockingbird), or what is done on the cheek Peck
79%
V – rapper whose hit “Ice Ice Baby” was the first hip hop single to top the Billboard charts, or an ice cream Vanilla Ice
79%
T – the all-time best-selling novel is Dickens’ A Tale of ___ ______ Two Cities
78%
E – first name of Norwegian painter Munch (The Scream) Edvard
77%
U – country with long-time President Yoweri Museveni Uganda
74%
H – many-headed serpent in Greek mythology, or the second-largest moon of Pluto Hydra
73%
S – if you travel from Vaduz to Como, you go through this country Switzerland
68%
Y – 12 _____ _ _____, 2013 movie by Steve McQueen based on the 1853 slave memoir by Solomon Northup Years a Slave
68%
R – 2018 action-adventure game Red Dead __________ 2 Redemption
58%
Z – currency of Poland Zloty
53%
W – 1990s western TV series ______, Texas Ranger, or Alice who wrote The Color Purple Walker
50%
Q – a sector of the Cartesian plane, or one fourth of a circle Quadrant
46%
A – island where Oranjestad is the largest city Aruba
45%
X – Extensible Markup Language; a flexible text format for creating structured computer documents XML
27%
I – is “als” in Dutch, “hvis” in Norwegian, and “se” in Italian If
26%
J – cross-country skier Therese who used an ointment for her sore lips Johaug
6%
No matching quizzes found
Score Distribution
Percent of People with Each Score
Percentile by Number Answered
Your Score History
You have not taken this quiz